[Event "CRO Cup"]
[Site "Mali Losinj"]
[Date "2024.05.08"]
[Round "1.6"]
[White "Saric, Ante"]
[Black "Pandurevic, Miro"]
[Result "0-1"]
[WhiteElo "2514"]
[BlackElo "2156"]
[PlyCount "80"]
[EventDate "2024.05.08"]
[EventType "team-swiss"]
[EventRounds "6"]
[EventCountry "CRO"]
[SourceTitle "CBM 220 Extra"]
[Source "ChessBase"]
[SourceDate "2024.07.31"]
[SourceVersion "1"]
[SourceVersionDate "2024.07.31"]
[SourceQuality "1"]
[WhiteTeam "Split Mornar"]
[BlackTeam "Hercegovac Braslav Rabar"]
[WhiteTeamCountry "CRO"]
[BlackTeamCountry "CRO"]

1. d4 Nf6 2. Nf3 e6 3. c4 d5 4. g3 Bb4+ 5. Bd2 Be7 6. Bg2 0-0 7. 0-0 dxc4 8. Qa4 a6 9. Qxc4 b5 10. Qc2 Bb7 11. Rc1 Bd6 12. Bg5 Nbd7 13. Nbd2 Rc8 14. Bxf6 Nxf6 15. Nb3 Be4 16. Qd2 Bd5 17. Qa5 c6 18. Nfd2 Bc7 19. Qc3 Bxg2 20. Kxg2 Bb6 21. a4 a5 22. Nf3 Ne4 23. Qc2 f5 24. Nc5 Qd5 25. Nd3 g5 26. axb5 cxb5 27. Qxc8 Rxc8 28. Rxc8+ Kg7 29. Rac1 Nd6 30. Rb8 Bxd4 31. Rc7+ Kh6 32. Rd7 g4 33. Rbd8 gxf3+ 34. exf3 Bb6 35. Rh8 Qxd3 36. Rhxh7+ Kg6 37. h4 Qd2 38. Kh3 Qxf2 39. h5+ Kf6 40. Rh6+ Ke5 0-1

[Event "CRO Topla Voda Cup"]
[Site "Tuhovec"]
[Date "2022.08.06"]
[Round "2.3"]
[White "Makovec, Bruno"]
[Black "Pandurevic, Miro"]
[Result "1-0"]
[WhiteElo "2271"]
[BlackElo "2278"]
[PlyCount "83"]
[EventDate "2022.08.06"]
[EventType "team-tourn (blitz)"]
[EventRounds "11"]
[EventCountry "CRO"]
[SourceTitle "CBM 209 Extra"]
[Source "ChessBase"]
[SourceDate "2022.09.30"]
[SourceVersion "1"]
[SourceVersionDate "2022.09.30"]
[SourceQuality "1"]
[WhiteTeam "Mihovljan Sloboda"]
[BlackTeam "Zagreb Caissa"]
[WhiteTeamCountry "CRO"]
[BlackTeamCountry "CRO"]

1. Nf3 g6 2. d4 Bg7 3. c4 d6 4. Nc3 Nf6 5. e4 0-0 6. Be2 e5 7. Be3 exd4 8. Nxd4 Re8 9. f3 Nc6 10. Qd2 Nh5 11. 0-0-0 Nf4 12. Bf1 Ne6 13. Nxc6 bxc6 14. c5 Bf8 15. Qc2 Qh4 16. cxd6 cxd6 17. g3 Qf6 18. Be2 Bb7 19. h4 d5 20. exd5 cxd5 21. Nxd5 Bxd5 22. Rxd5 Rac8 23. Bc4 Qxf3 24. Re1 Nd4 25. Rxd4 Rxe3 26. Red1 Ree8 27. R4d3 Qe4 28. b3 Bg7 29. Rd5 Qe3+ 30. Kb1 Rc7 31. a4 Qb6 32. Ka2 Qf6 33. R5d2 Rec8 34. Rf2 Qe5 35. Qe2 Qc5 36. Rdf1 Rf8 37. Qd3 Qe5 38. Qd5 Qc3 39. Qd3 Qe5 40. Qd5 Qxg3 41. Rxf7 Rxc4 42. Rxf8# 1-0

[Event "Krapina op 10th"]
[Site "Krapina"]
[Date "2020.01.17"]
[Round "3"]
[White "Pandurevic, Miro"]
[Black "Mrdja, Milan"]
[Result "1/2-1/2"]
[WhiteElo "2199"]
[BlackElo "2288"]
[PlyCount "26"]
[EventDate "2020.01.16"]
[EventType "swiss"]
[EventRounds "7"]
[EventCountry "CRO"]
[SourceTitle "CBM 194 Extra"]
[Source "ChessBase"]
[SourceDate "2020.03.31"]
[SourceVersion "1"]
[SourceVersionDate "2020.03.31"]
[SourceQuality "1"]

1. e4 e6 2. d4 d5 3. exd5 exd5 4. Bd3 Nc6 5. c3 Bd6 6. Ne2 Nge7 7. Bf4 Bf5 8. Bxd6 Qxd6 9. 0-0 0-0 10. Ng3 Bg6 11. Na3 a6 12. Nc2 Bxd3 13. Qxd3 Qg6 1/2-1/2

[Event "Krapina op 10th"]
[Site "Krapina"]
[Date "2020.01.16"]
[Round "1"]
[White "Pandurevic, Miro"]
[Black "Babic, Mladen"]
[Result "1-0"]
[WhiteElo "2199"]
[BlackElo "1799"]
[PlyCount "29"]
[EventDate "2020.01.16"]
[EventType "swiss"]
[EventRounds "7"]
[EventCountry "CRO"]
[SourceTitle "CBM 194 Extra"]
[Source "ChessBase"]
[SourceDate "2020.03.31"]
[SourceVersion "1"]
[SourceVersionDate "2020.03.31"]
[SourceQuality "1"]

1. e4 c5 2. Nf3 Nc6 3. c3 g6 4. d4 cxd4 5. cxd4 Bg7 6. Nc3 e6 7. Nb5 Bf8 8. d5 Bb4+ 9. Bd2 exd5 10. exd5 Bxd2+ 11. Qxd2 Nb8 12. Qc3 Nf6 13. Nc7+ Ke7 14. Nxa8 Re8 15. Nc7 1-0

[Event "Zagreb Hulak Memorial op 4th"]
[Site "Zagreb"]
[Date "2019.12.11"]
[Round "6"]
[White "Pandurevic, Miro"]
[Black "Nguyen, Piotr"]
[Result "0-1"]
[WhiteElo "2227"]
[BlackElo "2413"]
[PlyCount "142"]
[EventDate "2019.12.07"]
[EventType "swiss"]
[EventRounds "9"]
[EventCountry "CRO"]
[SourceTitle "CBM 193 Extra"]
[Source "ChessBase"]
[SourceDate "2020.01.31"]
[SourceVersion "1"]
[SourceVersionDate "2020.01.31"]
[SourceQuality "1"]

1. c4 g6 2. g3 Bg7 3. Bg2 f5 4. Nc3 Nf6 5. d3 Nc6 6. Rb1 0-0 7. b4 e5 8. Nd5 Nd4 9. e3 Ne6 10. Ne2 Nh5 11. f4 c6 12. Ndc3 exf4 13. exf4 Nf6 14. 0-0 a6 15. Kh1 d5 16. cxd5 cxd5 17. Qb3 d4 18. Nd5 Kh8 19. Bb2 Nxd5 20. Qxd5 Qb6 21. Rfc1 Rd8 22. Qb3 Bd7 23. a4 Bc6 24. Bxc6 bxc6 25. Rc4 c5 26. Kg1 Re8 27. Ba3 Rab8 28. Qd1 Bf8 29. Bb2 cxb4 30. Rbc1 Qd6 31. Qb3 Bg7 32. Rc6 Qe7 33. R1c2 a5 34. Kf1 Qd7 35. Ng1 g5 36. fxg5 Nxg5 37. Rc7 Qe6 38. Qxe6 Nxe6 39. Ra7 Rbc8 40. Re2 Nc5 41. Rxe8+ Rxe8 42. Nf3 b3 43. Ba3 Nxd3 44. Rb7 Bf6 45. Rxb3 Re3 46. Rb8+ Kg7 47. Ng1 Re1+ 48. Kg2 Ra1 49. Bf8+ Kf7 50. Nf3 Ra2+ 51. Kg1 Rxa4 52. Bh6 Ra1+ 53. Kg2 Ra2+ 54. Kg1 Ra1+ 55. Kg2 a4 56. Rb7+ Kg6 57. Bd2 Ra2 58. Kf1 Nc5 59. Rb6 Ne4 60. Be1 Kf7 61. Rb7+ Ke6 62. Rxh7 d3 63. Ra7 Ra1 64. Ra6+ Kd5 65. Kg2 a3 66. Ra5+ Kc4 67. Rxf5 a2 68. Ra5 Rxe1 69. Ra4+ Kb3 70. Rxa2 Kxa2 71. Nxe1 d2 0-1

[Event "Hum na Sutli op 13th"]
[Site "Hum na Sutli"]
[Date "2019.08.27"]
[Round "5"]
[White "Pandurevic, Miro"]
[Black "Ghersinich, Enrico"]
[Result "1/2-1/2"]
[WhiteElo "2177"]
[BlackElo "2193"]
[PlyCount "120"]
[EventDate "2019.08.24"]
[EventType "swiss"]
[EventRounds "9"]
[EventCountry "CRO"]
[SourceTitle "EXT 2020"]
[Source "ChessBase"]
[SourceDate "2019.10.17"]
[SourceVersion "1"]
[SourceVersionDate "2019.10.17"]
[SourceQuality "1"]

1. e4 e5 2. Nf3 Nc6 3. Bb5 a6 4. Ba4 Nf6 5. 0-0 Be7 6. Re1 b5 7. Bb3 d6 8. c3 0-0 9. h3 Re8 10. d4 Bf8 11. a4 Bb7 12. Nbd2 Na5 13. dxe5 Nxb3 14. Qxb3 dxe5 15. axb5 axb5 16. Rxa8 Qxa8 17. Qxb5 Qa6 18. Qb3 h6 19. Nc4 Nd7 20. Qd1 Qxc4 21. Qxd7 Re6 22. Nd2 Qc5 23. Nf1 Qb6 24. Qd3 Qc6 25. Ng3 g6 26. c4 Bb4 27. Rf1 Rd6 28. Qe2 f5 29. f4 Bc5+ 30. Kh2 exf4 31. Bxf4 Re6 32. Bxh6 fxe4 33. Be3 Bd6 34. c5 Bxg3+ 35. Kxg3 Ba6 36. Qf2 Bxf1 37. Qxf1 Qd5 38. Qb5 Re7 39. Qa6 Qe5+ 40. Kh4 Kh7 41. b4 Rf7 42. Qe2 Rd7 43. Qf2 Kg8 44. b5 Qh5+ 45. Kg3 Rd3 46. Kh2 Qe5+ 47. Bf4 e3 48. Qa2+ Qd5 49. Qxd5+ Rxd5 50. Bxe3 Kf7 51. Kg3 Rd3 52. Kf3 Ke6 53. h4 Ke5 54. g4 Rb3 55. b6 cxb6 56. cxb6 Rb4 57. h5 gxh5 58. gxh5 Kf5 59. h6 Kg6 60. Ke2 Rxb6 1/2-1/2

[Event "BIH-chT 18th"]
[Site "Tuzla"]
[Date "2019.06.12"]
[Round "5.5"]
[White "Pandurevic, Miro"]
[Black "Nikolic, Predrag"]
[Result "0-1"]
[WhiteElo "2221"]
[BlackElo "2574"]
[PlyCount "58"]
[EventDate "2019.06.08"]
[EventType "team-tourn"]
[EventRounds "9"]
[EventCountry "BIH"]
[SourceTitle "CBM 190 Extra"]
[Source "ChessBase"]
[SourceDate "2019.07.15"]
[SourceVersion "1"]
[SourceVersionDate "2019.07.15"]
[SourceQuality "1"]
[WhiteTeam "Samac"]
[BlackTeam "Sarajevo Bosna"]
[WhiteTeamCountry "BIH"]
[BlackTeamCountry "BIH"]

1. e4 e6 2. d4 d5 3. Nc3 Bb4 4. Nge2 Nc6 5. exd5 exd5 6. a3 Ba5 7. Ng3 Nge7 8. Be3 Nf5 9. Nxf5 Bxc3+ 10. bxc3 Bxf5 11. Bd3 Qd7 12. c4 Bxd3 13. Qxd3 0-0 14. 0-0 dxc4 15. Qxc4 Rad8 16. Rab1 b6 17. Rfd1 Na5 18. Qd3 Qd5 19. Rb4 Rfe8 20. h3 h6 21. Rdb1 Qd7 22. d5 Qxd5 23. Rd4 Qa8 24. Qc3 Qc6 25. Qa1 Rxd4 26. Bxd4 Re6 27. Bc3 Nc4 28. Rd1 Rg6 29. g3 Ne3 0-1

[Event "BIH-chT 18th"]
[Site "Tuzla"]
[Date "2019.06.09"]
[Round "2.3"]
[White "Pasalic, Harun"]
[Black "Pandurevic, Miro"]
[Result "1-0"]
[WhiteElo "2304"]
[BlackElo "2221"]
[PlyCount "83"]
[EventDate "2019.06.08"]
[EventType "team-tourn"]
[EventRounds "9"]
[EventCountry "BIH"]
[SourceTitle "CBM 190 Extra"]
[Source "ChessBase"]
[SourceDate "2019.07.15"]
[SourceVersion "1"]
[SourceVersionDate "2019.07.15"]
[SourceQuality "1"]
[WhiteTeam "Zenica Napredak"]
[BlackTeam "Samac"]
[WhiteTeamCountry "BIH"]
[BlackTeamCountry "BIH"]

1. e4 d6 2. d4 e5 3. Nf3 Nc6 4. Bb5 exd4 5. Nxd4 Bd7 6. 0-0 Nf6 7. Bf4 Nxd4 8. Bxd7+ Nxd7 9. Qxd4 Qf6 10. Qd2 Be7 11. Nc3 c6 12. Rad1 Ne5 13. Bg3 0-0 14. b3 Rfe8 15. Ne2 h5 16. h3 Bf8 17. Qd4 h4 18. Bh2 d5 19. exd5 cxd5 20. Nc3 Bd6 21. Nxd5 Qg6 22. Bxe5 Bxe5 23. Qxh4 Qxc2 24. Ne7+ Kf8 25. Rd7 g6 26. Re1 Qc3 27. Rxe5 Qa1+ 28. Kh2 Qxe5+ 29. f4 Qg7 30. Qg5 b6 31. b4 a5 32. b5 a4 33. Nd5 f6 34. Nxf6 Re7 35. Rd6 Rf7 36. Nd5 Rf5 37. Qg3 g5 38. Qg4 Qf7 39. Nxb6 Re8 40. Nd7+ Ke7 41. Rd4 Rd8 42. Qe2+ 1-0

[Event "Hum na Sutli op 12th"]
[Site "Hum na Sutli"]
[Date "2018.08.27"]
[Round "5"]
[White "Zelcic, Robert"]
[Black "Pandurevic, Miro"]
[Result "1-0"]
[WhiteElo "2509"]
[BlackElo "2263"]
[PlyCount "71"]
[EventDate "2018.08.25"]
[EventType "swiss"]
[EventRounds "9"]
[EventCountry "CRO"]
[SourceTitle "CBM 186 Extra"]
[Source "ChessBase"]
[SourceDate "2018.08.24"]
[SourceVersion "1"]
[SourceVersionDate "2018.08.24"]
[SourceQuality "1"]

1. e4 e6 2. d4 d5 3. Nc3 Nf6 4. e5 Nfd7 5. f4 c5 6. Nf3 Nc6 7. Be3 a6 8. Qd2 cxd4 9. Nxd4 Bb4 10. a3 Qa5 11. Nb3 Bxc3 12. bxc3 Qc7 13. Bd3 Na5 14. Bd4 Nc6 15. 0-0 Nxd4 16. cxd4 f5 17. a4 a5 18. Rfc1 Nb6 19. Nxa5 Bd7 20. Qb4 Kf7 21. Nxb7 Rhb8 22. Nd6+ Kg8 23. Nb5 Qc6 24. Rcb1 Nc4 25. Bxc4 dxc4 26. Qd6 Qxd6 27. Nxd6 Rxb1+ 28. Rxb1 Bxa4 29. Ra1 c3 30. Ra3 h6 31. Kf2 Kh7 32. Rxc3 Rb8 33. Rc4 Ra8 34. Rc7 Ra6 35. d5 exd5 36. Nxf5 1-0

[Event "Hum na Sutli op 12th"]
[Site "Hum na Sutli"]
[Date "2018.08.26"]
[Round "4"]
[White "Pandurevic, Miro"]
[Black "Zufic, Miroslav"]
[Result "1/2-1/2"]
[WhiteElo "2263"]
[BlackElo "2387"]
[PlyCount "40"]
[EventDate "2018.08.25"]
[EventType "swiss"]
[EventRounds "9"]
[EventCountry "CRO"]
[SourceTitle "CBM 186 Extra"]
[Source "ChessBase"]
[SourceDate "2018.08.24"]
[SourceVersion "1"]
[SourceVersionDate "2018.08.24"]
[SourceQuality "1"]

1. Nf3 c5 2. g3 Nc6 3. Bg2 g6 4. 0-0 Bg7 5. d3 e5 6. Nc3 d6 7. Nd5 Nce7 8. Nxe7 Nxe7 9. c3 0-0 10. Bg5 f6 11. Bd2 Qc7 12. Qc1 Rf7 13. d4 e4 14. Ne1 f5 15. dxc5 Qxc5 16. Be3 Qc7 17. f3 d5 18. Nc2 Nc6 19. Qd2 Be6 20. Nd4 Nxd4 1/2-1/2

[Event "Hum na Sutli op 12th"]
[Site "Hum na Sutli"]
[Date "2018.08.25"]
[Round "2"]
[White "Galoic, Boris"]
[Black "Pandurevic, Miro"]
[Result "0-1"]
[WhiteElo "2036"]
[BlackElo "2263"]
[PlyCount "80"]
[EventDate "2018.08.25"]
[EventType "swiss"]
[EventRounds "9"]
[EventCountry "CRO"]
[SourceTitle "CBM 186 Extra"]
[Source "ChessBase"]
[SourceDate "2018.08.24"]
[SourceVersion "1"]
[SourceVersionDate "2018.08.24"]
[SourceQuality "1"]

1. d4 Nf6 2. Nf3 g6 3. e3 Bg7 4. Be2 0-0 5. 0-0 d6 6. b3 Nc6 7. Bb2 e5 8. dxe5 Ng4 9. Nbd2 Ngxe5 10. Nxe5 Nxe5 11. Rb1 Bd7 12. Nf3 Bc6 13. Nxe5 dxe5 14. Qxd8 Rfxd8 15. Rbd1 Be4 16. Bd3 Bxd3 17. Rxd3 e4 18. Rxd8+ Rxd8 19. Bxg7 Kxg7 20. Rc1 Kf6 21. Kf1 Rd5 22. Ke2 Ke5 23. Rd1 b5 24. Rxd5+ Kxd5 25. c3 c5 26. Kd2 f5 27. Ke2 a5 28. Kd2 g5 29. Kc2 h5 30. a4 bxa4 31. c4+ Ke5 32. bxa4 h4 33. Kd2 f4 34. Ke1 Kf5 35. Kf1 Kg4 36. Kg1 h3 37. Kf1 fxe3 38. fxe3 hxg2+ 39. Kxg2 Kh4 40. h3 g4 0-1

[Event "Hum na Sutli op 12th"]
[Site "Hum na Sutli"]
[Date "2018.08.25"]
[Round "1"]
[White "Pandurevic, Miro"]
[Black "Babic, Mladen"]
[Result "1-0"]
[WhiteElo "2263"]
[BlackElo "1843"]
[PlyCount "79"]
[EventDate "2018.08.25"]
[EventType "swiss"]
[EventRounds "9"]
[EventCountry "CRO"]
[SourceTitle "CBM 186 Extra"]
[Source "ChessBase"]
[SourceDate "2018.08.24"]
[SourceVersion "1"]
[SourceVersionDate "2018.08.24"]
[SourceQuality "1"]

1. e4 c5 2. Nf3 Nc6 3. c3 e5 4. d4 cxd4 5. cxd4 Bb4+ 6. Nc3 exd4 7. Nxd4 Qa5 8. Nde2 Nf6 9. Bd2 0-0 10. a3 Bxc3 11. Bxc3 Qg5 12. f3 Re8 13. Qd6 Re6 14. Qf4 Qg6 15. Qd2 Re8 16. Nf4 Qg5 17. 0-0-0 b6 18. Kb1 Nh5 19. Nd5 Qd8 20. g4 Nf6 21. Nxf6+ gxf6 22. Bc4 Ne5 23. Bd5 Rb8 24. f4 Ng6 25. g5 Bb7 26. Bxf6 Qc7 27. f5 Bxd5 28. exd5 Nf4 29. Rc1 Qd6 30. Rc4 Qxd5 31. Qxd5 Nxd5 32. Rd4 Ne3 33. Rxd7 Nxf5 34. Rf1 Ne3 35. Rf4 Ng2 36. Rf2 Ne3 37. Bd4 f5 38. gxf6 Kf8 39. f7 Re6 40. Bg7+ 1-0